[Event "Barcelona La Lira op 12th"]
[Site "Barcelona"]
[Date "2019.05.30"]
[Round "8"]
[White "Folch Castells, Marc"]
[Black "Abascal Vicente, Ignacio"]
[Result "0-1"]
[WhiteElo "1252"]
[BlackElo "1677"]
[PlyCount "52"]
[EventDate "2019.04.04"]
[EventType "swiss"]
[EventRounds "9"]
[EventCountry "ESP"]
[SourceTitle "CBM 190 Extra"]
[Source "ChessBase"]
[SourceDate "2019.07.15"]
[SourceVersion "1"]
[SourceVersionDate "2019.07.15"]
[SourceQuality "1"]

1. e4 e5 2. Nf3 Nc6 3. Bc4 Be7 4. d3 Nf6 5. Be3 d6 6. Qd2 Bg4 7. Ng5 0-0 8. f3 Bd7 9. Nc3 Na5 10. Nd5 Nxc4 11. Nxf6+ Bxf6 12. dxc4 h6 13. Nh3 Bxh3 14. gxh3 Bh4+ 15. Ke2 Kh7 16. Rag1 f5 17. f4 fxe4 18. fxe5 dxe5 19. Rg4 Qxd2+ 20. Kxd2 Bf6 21. Rxe4 Rad8+ 22. Kc3 a6 23. Bf2 Rf7 24. b3 Bg5 25. h4 Bd2+ 26. Kb2 Rxf2 0-1

[Event "Barcelona La Lira op 12th"]
[Site "Barcelona"]
[Date "2019.04.25"]
[Round "3"]
[White "Folch Castells, Marc"]
[Black "Romero Gamez, Francisco Javier"]
[Result "0-1"]
[WhiteElo "1252"]
[BlackElo "1498"]
[PlyCount "52"]
[EventDate "2019.04.04"]
[EventType "swiss"]
[EventRounds "9"]
[EventCountry "ESP"]
[SourceTitle "CBM 190 Extra"]
[Source "ChessBase"]
[SourceDate "2019.07.15"]
[SourceVersion "1"]
[SourceVersionDate "2019.07.15"]
[SourceQuality "1"]

1. e4 c5 2. Bc4 e6 3. Nc3 Nc6 4. Nf3 d6 5. d4 cxd4 6. Nxd4 Nf6 7. 0-0 Be7 8. Bg5 a6 9. Nxc6 bxc6 10. Qf3 d5 11. e5 Nd7 12. Bxe7 Qxe7 13. Be2 Nxe5 14. Qg3 Ng6 15. Na4 Bb7 16. Nb6 Rd8 17. Rad1 0-0 18. c4 d4 19. a3 e5 20. Bd3 f5 21. Rfe1 Qf6 22. b4 e4 23. Qc7 Rf7 24. Qg3 exd3 25. Rxd3 Re7 26. h3 Rxe1+ 0-1

[Event "Barcelona Primavera La Lira op 10th"]
[Site "Barcelona"]
[Date "2017.06.15"]
[Round "9"]
[White "Risquez Perez, Antonio"]
[Black "Folch Castells, Marc"]
[Result "0-1"]
[WhiteElo "1534"]
[BlackElo "1689"]
[PlyCount "42"]
[EventDate "2017.04.20"]
[EventType "swiss"]
[EventRounds "9"]
[EventCountry "ESP"]
[SourceTitle "EXT 2018"]
[Source "ChessBase"]
[SourceDate "2017.10.13"]
[SourceVersion "1"]
[SourceVersionDate "2017.10.13"]
[SourceQuality "1"]

1. e4 e5 2. Nf3 Nc6 3. Bb5 Nf6 4. d3 Bd6 5. 0-0 Nd4 6. Nxd4 exd4 7. Bg5 h6 8. Bh4 g5 9. Re1 gxh4 10. e5 Bxe5 11. Rxe5+ Kf8 12. h3 c6 13. Bc4 d5 14. Bb3 Rg8 15. Qd2 Bxh3 16. Qxh6+ Rg7 17. c4 Ng4 18. Qf4 Nxe5 19. Qxe5 Rxg2+ 20. Kf1 Rg5+ 21. Ke2 Rxe5+ 0-1

[Event "Barcelona Primavera La Lira op 10th"]
[Site "Barcelona"]
[Date "2017.06.08"]
[Round "8"]
[White "Folch Castells, Marc"]
[Black "Orts Gonzalez, Rafael"]
[Result "1-0"]
[WhiteElo "1689"]
[BlackElo "1023"]
[PlyCount "55"]
[EventDate "2017.04.20"]
[EventType "swiss"]
[EventRounds "9"]
[EventCountry "ESP"]
[SourceTitle "EXT 2018"]
[Source "ChessBase"]
[SourceDate "2017.10.13"]
[SourceVersion "1"]
[SourceVersionDate "2017.10.13"]
[SourceQuality "1"]

1. e4 e5 2. Nf3 f6 3. c3 a6 4. Bc4 Nh6 5. 0-0 d6 6. d4 Bg4 7. Be3 Nd7 8. Nbd2 Qe7 9. b4 Nb6 10. Bb3 0-0-0 11. a4 exd4 12. cxd4 g5 13. b5 a5 14. h3 Bxf3 15. Qxf3 Rg8 16. Bxg8 Nxg8 17. d5 Bg7 18. Bxb6 cxb6 19. Nc4 Kd7 20. Nxb6+ Ke8 21. Rac1 Qf7 22. Rc8 Rxc8 23. Nxc8 Qc7 24. Na7 b6 25. Qf5 Qxa7 26. Qc8+ Kf7 27. Rc1 Bf8 28. Rc7+ 1-0